| 000 | 00661nam a2200205Ia 4500 | ||
|---|---|---|---|
| 003 | LK-CoDNM | ||
| 005 | 20241128113613.0 | ||
| 008 | 010623t1979 xxu||||| |||| 00| 1 sin d | ||
| 040 |
_aLK-CoDNM _dLK-CoDNM _eLK-CoDNM |
||
| 041 | _asin | ||
| 080 |
_a294.32 _bSEE |
||
| 100 | _aහෙන්ඩියගල සීලරතන | ||
| 245 | _aඊර්ෂියාවෙන් තොර සමාජයක්-1979 | ||
| 246 | _aIrseyaven Thora Samajayak | ||
| 260 |
_bශාස්ත්රෝදය මුද්රණාලය _aකුලියාපිටිය _c1979 |
||
| 300 | _b32p. ; 18 cm | ||
| 650 | _aBuddhism | ||
| 650 | _a1979 | ||
| 942 | _cBK | ||
| 999 |
_c110934 _d110934 |
||